Financial accounting / (Record no. 684)

000 -LEADER
fixed length control field 01054cam a22003618a 4500
003 - CONTROL NUMBER IDENTIFIER
control field CaOOAMICUS
005 - DATE AND TIME OF LATEST TRANSACTION
control field 20210616100811.0
008 - FIXED-LENGTH DATA ELEMENTS--GENERAL INFORMATION
fixed length control field 100827s2011 onc 001 0 eng
020 ## - INTERNATIONAL STANDARD BOOK NUMBER
International Standard Book Number 9780070001497
040 ## - CATALOGING SOURCE
Transcribing agency CaOONL
050 ## - LIBRARY OF CONGRESS CALL NUMBER
Classification number HF5636
Item number .F54 2011
055 #0 - CLASSIFICATION NUMBERS ASSIGNED IN CANADA
Classification number HF5636
Item number .F54 2011
090 ## - LOCALLY ASSIGNED LC-TYPE CALL NUMBER (OCLC); LOCAL CALL NUMBER (RLIN)
Classification number (OCLC) (R) ; Classification number, CALL (RLIN) (NR) 657 F3715 2011
090 ## - LOCALLY ASSIGNED LC-TYPE CALL NUMBER (OCLC); LOCAL CALL NUMBER (RLIN)
Classification number (OCLC) (R) ; Classification number, CALL (RLIN) (NR) 657 FIN
245 00 - TITLE STATEMENT
Title Financial accounting /
Statement of responsibility, etc. Robert Libby ... [and others].
250 ## - EDITION STATEMENT
Edition statement Fourth Canadian edition
260 ## - PUBLICATION, DISTRIBUTION, ETC.
Place of publication, distribution, etc. Toronto :
Name of publisher, distributor, etc. McGraw-Hill Ryerson,
Date of publication, distribution, etc. 2011.
263 ## - PROJECTED PUBLICATION DATE
Projected publication date 1102
300 ## - PHYSICAL DESCRIPTION
Extent xxvi, 789 pages :
Other physical details ol. illustrations ;
Dimensions 28 cm.
336 ## - CONTENT TYPE
Content type term text
Content type code txt
Source rdacontent
337 ## - MEDIA TYPE
Media type term unmediated
Media type code n
Source rdamedia
338 ## - CARRIER TYPE
Carrier type term volume
Carrier type code nc
Source rdacarrier
500 ## - GENERAL NOTE
General note Includes index.
650 #0 - SUBJECT ADDED ENTRY--TOPICAL TERM
Topical term or geographic name entry element Accounting
Form subdivision Textbooks.
650 #0 - SUBJECT ADDED ENTRY--TOPICAL TERM
Topical term or geographic name entry element Corporations
General subdivision Accounting
Form subdivision Textbooks.
650 #0 - SUBJECT ADDED ENTRY--TOPICAL TERM
Topical term or geographic name entry element Financial statements
Form subdivision Textbooks.
700 1# - ADDED ENTRY--PERSONAL NAME
Personal name Libby, Robert.
942 ## - ADDED ENTRY ELEMENTS (KOHA)
Source of classification or shelving scheme
Koha item type Book
Suppress in OPAC SO
Holdings
Withdrawn status Lost status Source of classification or shelving scheme Damaged status Not for loan Permanent Location Current Location Shelving location Date acquired Total Checkouts Full call number Barcode Date last seen Copy number Price effective from Koha item type Public note
          AU LIBRARY AU LIBRARY Open Shelf 16.06.2021   HF5636 .F54 2011 C1 28000224 16.06.2021 1 16.06.2021 Book SO
          AU LIBRARY AU LIBRARY Open Shelf 24.06.2021   HF5636 .F54 2011 C2 28000800 24.06.2021 2 24.06.2021 Book MM

Powered by Koha